Reflexión y análisis sobre el proceso de descentralización en Chile

Saved in:
Bibliographic Details
Corporate Author: MIDEPLAN (Author)
Format: Book
Language:Spanish
Published: Santiago Mideplan 1998
Edition:1a. ed
Subjects:
Tags: Add Tag
No Tags, Be the first to tag this record!

MARC

LEADER 00000nam a2200000 a 4500
001 UCH0682
003 CL-VaPUC
008 090320e19980000CL |||||||||||||||||spa|d
020 |a 9567463441 
082 0 4 |a 352.283  |b MID  |2 21 
110 2 |a MIDEPLAN  |e author  |9 534937 
245 1 0 |a Reflexión y análisis sobre el proceso de descentralización en Chile 
250 |a 1a. ed 
300 |a 342 p 
942 |c BK 
945 |d 20090320 00:00:00  |a rbrito 
260 |a Santiago  |b Mideplan  |c 1998 
650 0 |a Descentralización administrativa (administración descentralizada)  |9 255464 
650 7 |a GOBIERNO ADMINISTRATIVO Y REGIONALIZACION  |2 CL-VaPUC  |9 534938 
650 0 |a Administración pública   |9 255343 
650 7 |a INVERSION PUBLICA  |2 CL-VaPUC  |9 330693 
650 0 |a Política y gobierno  |9 255151 
651 7 |a CHILE  |2 CL-VaPUC  |9 534939 
583 |a last modification  |c 20140403 04:48:03  |k Rodrigo Vera 
999 |c 332936  |d 332934